<?xml version="1.0" encoding="UTF-8"?><?xml-stylesheet type="text/xsl" href="static/style.xsl"?><OAI-PMH xmlns="http://www.openarchives.org/OAI/2.0/" xmlns:xsi="http://www.w3.org/2001/XMLSchema-instance" xsi:schemaLocation="http://www.openarchives.org/OAI/2.0/ http://www.openarchives.org/OAI/2.0/OAI-PMH.xsd"><responseDate>2026-04-26T22:06:49Z</responseDate><request verb="GetRecord" identifier="oai:uvadoc.uva.es:10324/63155" metadataPrefix="marc">https://uvadoc.uva.es/oai/request</request><GetRecord><record><header><identifier>oai:uvadoc.uva.es:10324/63155</identifier><datestamp>2023-11-28T07:41:40Z</datestamp><setSpec>com_10324_38</setSpec><setSpec>col_10324_852</setSpec></header><metadata><record xmlns="http://www.loc.gov/MARC21/slim" xmlns:doc="http://www.lyncode.com/xoai" xmlns:xsi="http://www.w3.org/2001/XMLSchema-instance" xmlns:dcterms="http://purl.org/dc/terms/" xsi:schemaLocation="http://www.loc.gov/MARC21/slim http://www.loc.gov/standards/marcxml/schema/MARC21slim.xsd">
<leader>00925njm 22002777a 4500</leader>
<datafield tag="042" ind1=" " ind2=" ">
<subfield code="a">dc</subfield>
</datafield>
<datafield tag="720" ind1=" " ind2=" ">
<subfield code="a">Alonso García, Celia</subfield>
<subfield code="e">author</subfield>
</datafield>
<datafield tag="260" ind1=" " ind2=" ">
<subfield code="c">2023</subfield>
</datafield>
<datafield tag="520" ind1=" " ind2=" ">
<subfield code="a">Para este Trabajo de Fin de Grado realizado dentro del área de Historia &#xd;
Económica se pretende analizar el sonado pleito sobre la nulidad del testamento &#xd;
de la Condesa de Bornos en 1915, para ello comentaremos todas las cuestiones &#xd;
que fueron determinantes, desde el punto de vista del Tribunal.&#xd;
El propósito de este trabajo es analizar la manera de actuar de los tribunales y &#xd;
jueces en el siglo XX y las intenciones individuales de cada una de las partes del &#xd;
pleito, para ello tendremos en cuenta: la historia del condado, quiénes son las &#xd;
partes, el demandante, la herencia y el impacto económico y el derecho civil &#xd;
aplicado.</subfield>
</datafield>
<datafield tag="024" ind2=" " ind1="8">
<subfield code="a">https://uvadoc.uva.es/handle/10324/63155</subfield>
</datafield>
<datafield tag="245" ind1="0" ind2="0">
<subfield code="a">Análisis del testamento de la  condesa de Bornos y el posterior  pleito</subfield>
</datafield>
</record></metadata></record></GetRecord></OAI-PMH>